| 000 | 00604nam a2200205Ia 4500 | ||
|---|---|---|---|
| 005 | 20260603120908.0 | ||
| 008 | 260603s9999||||xx |||||||||||||| ||und|| | ||
| 020 | _a9798895565513 | ||
| 020 | _qpbk | ||
| 082 |
_a650.1 _bMAH |
||
| 100 | _aMaheshwari, Rahul | ||
| 245 | 0 | _aCareer essential : a practical guide to building a strong foundation for professional growth | |
| 260 |
_aChennai _bNotion Press _c2024 |
||
| 300 | _a211p. ; 21cm. | ||
| 653 | _aCareer development | ||
| 653 | _aEmployability and career success | ||
| 653 | _aProfessional growth | ||
| 653 | _aWorkplace skills | ||
| 942 | _cBK | ||
| 999 |
_c57064 _d57064 |
||